Logistika vo vybranej obchodnej spoločnosti diplomová práca

Salvato in:
Dettagli Bibliografici
Autore principale: Sölský, Tomáš
Ente Autore: Obchodná fakulta EU. Katedra marketingu
Altri autori: Daňo, Ferdinand, 1959-
Natura: Libro
Lingua:slovacco
Pubblicazione: Bratislava 2012
Tags: Aggiungi Tag
Nessun Tag, puoi essere il primo ad aggiungerne!!

MARC

LEADER 00000nbm a2200000 4500
001 0158861
005 20161109102213.2
041 0 |a slo 
044 |a SK 
245 1 0 |a Logistika vo vybranej obchodnej spoločnosti  |b diplomová práca  |c Tomáš Sölský ; školiteľ: Ferdinand Daňo 
264 1 |a Bratislava  |c 2012 
300 |a 71 s. 
100 1 |a Sölský, Tomáš 
700 1 |a Daňo, Ferdinand, 1959- 
710 2 |a Obchodná fakulta EU. Katedra marketingu